1809 1248 1301 1336 1535 1785 1999 1618 1395 1256 1686 1287 1274 1363 1868 1274 1193 1013 1353 1170 1854 1725 1875 1583 1708 1231 1608 1420 1862 1558 1636 1405 1354 1323 1768 1595 1448 1474 1663 1593 1897 1764 1342 1387 1967 1933 1777 1432 1756 1837 1248 1146 1751 1018 1677 1783 1435 1079 1730 1981 1412 1299 1251 1319 1486 1531 1588 1430 1297 1752 1059 1548 1081 1270 1094 1508 1164 1694 1538 1422 1170 1759 1631 1096 1637 1902 1384 1190 1077 1276 1713 1677 1591 1292 1385 1152 1668 1313 1100 BCNSPRNW ULIB Ver.6.0+V

เปลี่ยนเป็นภาษาไทย

Change to English
 แสดงรายละเอียดบรรณานุกรม
  กลับหน้าหลัก

Brief Record : Get Marc (ISO 2709) : E-mail record : QR code < ปิดหน้าต่าง
LEADER : 00000nam 2200000uu 4500
001    13399122852
003     ULIB
008    131022s2555||||th 000 0 tha d
020    ^a9789742473716
050  4 ^aDS520^bป526ร
100    ^aปัณณภัทร
245    ^aเราคืออาเซียน-- มาเลเซีย /^cปัณณภัทร
250    ^aพิมพ์ครั้งที่ 4
260    ^aกรุงเทพฯ :^bอมรินทร์คอมมิกส์,^c2555
300    ^a61 หน้า
440  0 ^aชุด เราคืออาเซียน
650  7 ^aประชาคมอาเซียน
650  7 ^aอาเซียน
650  7 ^aมาเลเซีย
945    ^p75^l0^i034074
999    ^aทศพร
รายการนี้ยังไม่มีแท็ก
คุณยังไม่ได้ล็อกอิน คุณสามารถมีกิจกรรมร่วมกับเว็บไซต์ได้ แต่ต้องล็อกอินก่อน ::
  ล็อกอิน

รายการสื่อสารสนเทศ

ลำดับที่ ประเภท เลขเรียก/บาร์โค้ด สถานที่ สถานะ
1. การศึกษาทั่วไป
หนังสือสำรอง
สถานะ=หนังสือสำรอง
DS520 ป526ร ฉ.1 
  Barcode: 034074
ห้องสมุดวิทยาเขตสวรรค์ประชารักษ์
►หนังสือทั่วไป
บนชั้น

รายการใกล้เคียง
    ผู้แต่ง [ปัณณภัทร]

    หัวเรื่อง [ประชาคมอาเซียน]
    หัวเรื่อง [อาเซียน]
    หัวเรื่อง [มาเลเซีย]

BibComment


ยังไม่เคยถูกคอมเมนท์

คอมเมนท์ทรัพยากรรายการนี้
  คอมเมนท์: เราคืออาเซียน มา..


 Copyright 2026. Bcnsprnw @Library